Gestion ambiental y fronteras : (Registro nro. 7958)
[ vista simple ]
| 000 -LEADER | |
|---|---|
| fixed length control field | 01166nam a2200253Ia 4500 |
| 003 - CONTROL NUMBER IDENTIFIER | |
| control field | OSt |
| 005 - DATE AND TIME OF LATEST TRANSACTION | |
| control field | 20210521131813.0 |
| 008 - FIXED-LENGTH DATA ELEMENTS--GENERAL INFORMATION | |
| fixed length control field | 210310s2010 c gr 000 0 s d |
| 020 ## - INTERNATIONAL STANDARD BOOK NUMBER | |
| International Standard Book Number | 9789586523622 |
| 040 ## - CATALOGING SOURCE | |
| Original cataloging agency | CO-JMCR |
| Transcribing agency | CO-JMCR |
| 041 0# - LANGUAGE CODE | |
| Language code of text/sound track or separate title | spa |
| 082 04 - DEWEY DECIMAL CLASSIFICATION NUMBER | |
| Classification number | 333.72 / |
| Item number | L155g |
| Edition number | 23 |
| 100 1# - MAIN ENTRY--PERSONAL NAME | |
| Personal name | Ladino Orjuela, Wilson, |
| 9 (RLIN) | 4009 |
| Relator term | autor |
| 245 10 - TITLE STATEMENT | |
| Title | Gestion ambiental y fronteras : |
| Remainder of title | un análisis a las dinámicas de los actores locales en el departamento del Amazonas / |
| Statement of responsibility, etc. | Wilson Ladino Orjuela, Henry Benjumea Yepes, Ómar Rey Anacona |
| 260 ## - PUBLICATION, DISTRIBUTION, ETC. | |
| Place of publication, distribution, etc. | Bogotá : |
| Name of publisher, distributor, etc. | ESAP, |
| Date of publication, distribution, etc. | 2010 |
| 300 ## - PHYSICAL DESCRIPTION | |
| Extent | 106 páginas ; |
| Dimensions | 24 cm. |
| 504 ## - BIBLIOGRAPHY, ETC. NOTE | |
| Bibliography, etc. note | Bibliografía: páginas 103-106 |
| 505 0# - FORMATTED CONTENTS NOTE | |
| Formatted contents note | Marco conceptual -- Amazonas: frontera trinacional -- Instrumentos normativos y de regulación de la frontera triamazónica -- Apropiación de los instrumentos fronterizos por parte de los actores nacionales y locales en el Amazonas |
| 650 14 - SUBJECT ADDED ENTRY--TOPICAL TERM | |
| Topical term or geographic name entry element | Gestión ambiental |
| 9 (RLIN) | 15928 |
| Geographic subdivision | Amazonas (Colombia) |
| 650 24 - SUBJECT ADDED ENTRY--TOPICAL TERM | |
| Topical term or geographic name entry element | Planificación regional |
| Geographic subdivision | Amazonas (Colombia) |
| 9 (RLIN) | 37780 |
| 700 1# - ADDED ENTRY--PERSONAL NAME | |
| Personal name | Benjumea Yepes, Henry, |
| Relator term | autor |
| 9 (RLIN) | 37781 |
| 700 1# - ADDED ENTRY--PERSONAL NAME | |
| Personal name | Rey Anacona, Ómar, |
| Relator term | autor |
| 9 (RLIN) | 37782 |
| 942 ## - ADDED ENTRY ELEMENTS (KOHA) | |
| Source of classification or shelving scheme | Dewey Decimal Classification |
| Koha item type | Books |
| Withdrawn status | Lost status | Source of classification or shelving scheme | Damaged status | Not for loan | Collection code | Home library | Current library | Date acquired | Source of acquisition | Full call number | Barcode | Date last seen | Copy number | Koha item type |
|---|---|---|---|---|---|---|---|---|---|---|---|---|---|---|
| Dewey Decimal Classification | Non-fiction | Biblioteca Pública José María del Castillo y Rada | Biblioteca Pública José María del Castillo y Rada | 04/15/2018 | Donación | 333.72 / L155g | 430003590 | 05/16/2024 | Ej.1 | Books |